MULTIPLE PREGNANCY : DIAGNOSIS AND MANAGEMENT A CLINICAL APPROACH / (Record no. 796831)

MARC details
000 -LEADER
fixed length control field 00588pam a2200193 a 4500
020 ## - INTERNATIONAL STANDARD BOOK NUMBER
International Standard Book Number 8171792337
Terms of availability 420.00
041 ## - LANGUAGE CODE
Language code of text/sound track or separate title eng
Language code of original NULL
082 ## - DEWEY DECIMAL CLASSIFICATION NUMBER
Classification number 618
Item number KEI/GAN
100 ## - MAIN ENTRY--PERSONAL NAME
Personal name KEITH, I., .GANDHI, J., WALVEKAR, V.
245 ## - TITLE STATEMENT
Title MULTIPLE PREGNANCY : DIAGNOSIS AND MANAGEMENT A CLINICAL APPROACH /
Statement of responsibility, etc. NULL.
Medium Textual Documents
260 ## - PUBLICATION, DISTRIBUTION, ETC.
Place of publication, distribution, etc. NULL :
Name of publisher, distributor, etc. JAYPEE BROTHERS MEDICAL PUB. ,
Date of publication, distribution, etc. 2002.
300 ## - PHYSICAL DESCRIPTION
Extent 311 : :
Other physical details XX ; ;
Dimensions A4 . +
Accompanying material HB.
365 ## - TRADE PRICE
Price type code 420.00
Price note 1
650 ## - SUBJECT ADDED ENTRY--TOPICAL TERM
Topical term or geographic name entry element OBST.GYNE
700 ## - ADDED ENTRY--PERSONAL NAME
Personal name GANDHI, J .
-- WALVEKAR, V .
907 ## - LOCAL DATA ELEMENT G, LDG (RLIN)
a 5679
930 ## - EQUIVALENCE OR CROSS-REFERENCE-UNIFORM TITLE HEADING [LOCAL, CANADA]
Uniform title 2295
Holdings
Withdrawn status Lost status Damaged status Not for loan Collection Home library Current library Date acquired Source of acquisition Cost, normal purchase price Total Checkouts Full call number Barcode Date due Date last seen Date last checked out Copy number Price effective from Koha item type
          Medical College & Hospital, Sangli Medical College & Hospital, Sangli 17/11/2007 B.M.S.G.B.PUNE 420.00 1 618 KEI/GAN MCS-5679 01/10/2043 06/10/2023 06/10/2023 2 26/07/2023 Book
          Medical College & Hospital, Sangli Medical College & Hospital, Sangli 17/11/2007 B.M.S.G.B.PUNE 420.00   618 KEI/GAN MCS-5678   26/07/2023   1 26/07/2023 Book